Estadísticas para Reyes Godos de España

Haz click aquí para intentar la prueba.

Estadísticas generales

  • Esta prueba ha sido intentada 208 veces
  • La puntuación promedio es 13 de 33

Estadísticas de respuestas

HintRespuesta% Correcto
710-711Rodrigo
79%
586-601Recaredo
74%
570-586Leovigildo
65%
649-672Recesvinto
59%
700-710Witiza
59%
418-451Teodorico o Teodoredo
54%
410-415Ataúlfo
53%
642-653Chindasvinto
52%
672-680Wamba
52%
549-555Agila
39%
621-631Suintila
38%
466-484Eurico
37%
612-621Sisebuto
37%
567-573Liuva
35%
415Sigerico
35%
511-531Amalarico
33%
551-567Atanagildo
33%
680-687Ervigio
33%
531-548Teudis
33%
415-418Walia
32%
484-507Alarico II
31%
687-702Égica
30%
601-603Liuva II
30%
631-636Sisenando
30%
610-612Gundemaro
29%
548-549Teudiselo
29%
603-610Witerico
29%
639-642Tulga
28%
451-453Turismundo
28%
636-639Chintila
27%
621Recaredo II
27%
453-466Teodorico II
27%
507-511Gesaleico
26%

Distribución de puntuación

Porcentaje por número respondido

Porcentaje de gente con cada puntuación

Historial de tus puntuaciones

No has intentado esta prueba.